[Event "Monaco Sulava Memorial 1st"]
[Site "Monte Carlo"]
[Date "2019.11.29"]
[Round "5"]
[White "Coutton, Sylvain"]
[Black "Daif, Sarah"]
[Result "1-0"]
[WhiteElo "2196"]
[BlackElo "1752"]
[PlyCount "53"]
[EventDate "2019.11.29"]
[EventType "swiss"]
[EventRounds "9"]
[EventCountry "MNC"]
[SourceTitle "CBM 193 Extra"]
[Source "ChessBase"]
[SourceDate "2020.01.31"]
[SourceVersion "1"]
[SourceVersionDate "2020.01.31"]
[SourceQuality "1"]

1. d4 d5 2. c4 c6 3. Nf3 Nf6 4. Nc3 Bf5 5. cxd5 cxd5 6. Qb3 b6 7. Bf4 e6 8. e4 dxe4 9. Bb5+ Nbd7 10. Ne5 Be7 11. Nc6 Qc8 12. Nxe7 Kxe7 13. Qa3+ Ke8 14. 0-0 a6 15. Be2 Qb7 16. Rac1 Nd5 17. Bg3 f6 18. Nxd5 exd5 19. Rc7 Qb8 20. Rxd7 Bxd7 21. Bxb8 Rxb8 22. Rc1 Kf7 23. Qd6 Bf5 24. Rc7+ Kg6 25. Qg3+ Bg4 26. Qxg4+ Kh6 27. Qh5# 1-0

[Event "FRA-chT2 0405"]
[Site "France"]
[Date "2004.11.06"]
[Round "2.8"]
[White "Fournier, Camille"]
[Black "Coutton, Sylvain"]
[Result "1/2-1/2"]
[WhiteElo "2070"]
[BlackElo "2150"]
[PlyCount "71"]
[EventDate "2004.10.10"]
[EventType "team"]
[EventRounds "11"]
[EventCountry "FRA"]
[SourceTitle "EXT 2006"]
[Source "ChessBase"]
[SourceDate "2005.11.24"]
[SourceVersion "1"]
[SourceVersionDate "2005.11.24"]
[SourceQuality "1"]

1. d4 d5 2. Nf3 c6 3. c4 Nf6 4. Nc3 e6 5. Bg5 dxc4 6. e4 b5 7. e5 h6 8. Bh4 g5 9. Nxg5 hxg5 10. Bxg5 Nbd7 11. g3 Bb7 12. Bg2 Qb6 13. exf6 0-0-0 14. 0-0 c5 15. d5 b4 16. Na4 Qb5 17. a3 exd5 18. axb4 cxb4 19. Be3 Ne5 20. Bxa7 d4 21. Nb6+ Kc7 22. Qa4 Qxa4 23. Nxa4 Bxg2 24. Kxg2 Kc6 25. Rfe1 Nd3 26. Re4 Nc5 27. Nxc5 Bxc5 28. Bxc5 Kxc5 29. Ra5+ Kb6 30. Ree5 d3 31. Rab5+ Ka6 32. Ra5+ Kb6 33. Rab5+ Kc6 34. Rbc5+ Kd6 35. Rcd5+ Kc6 36. Rc5+ 1/2-1/2

[Event "FRA-chT2 0304a"]
[Site "France"]
[Date "2004.02.01"]
[Round "7.7"]
[White "Coutton, Sylvain"]
[Black "Marino, Olivier"]
[Result "1-0"]
[WhiteElo "2126"]
[BlackElo "2138"]
[PlyCount "59"]
[EventDate "2003.10.??"]
[EventType "team"]
[EventRounds "11"]
[EventCountry "FRA"]
[SourceTitle "EXT 2005"]
[Source "ChessBase"]
[SourceDate "2004.11.15"]
[SourceVersion "1"]
[SourceVersionDate "2004.11.15"]
[SourceQuality "1"]
[WhiteTeam "Echiquier Nicois II"]
[BlackTeam "Cannes II"]
[WhiteTeamCountry "FRA"]
[BlackTeamCountry "FRA"]

1. d4 Nf6 2. c4 g6 3. Nc3 Bg7 4. e4 d6 5. Nf3 0-0 6. Be2 e5 7. 0-0 Nc6 8. d5 Ne7 9. Nd2 Nd7 10. b4 f5 11. c5 Nf6 12. f3 f4 13. Nc4 Ne8 14. a4 Kh8 15. Ba3 Ng8 16. a5 Ngf6 17. b5 b6 18. axb6 axb6 19. cxb6 cxb6 20. Na4 Rb8 21. Qd2 Rf7 22. Rfc1 Rfb7 23. Bb4 g5 24. g4 fxg3 25. Qxg5 gxh2+ 26. Kh1 Qd7 27. Nd2 Ng8 28. Bc3 Bh6 29. Qh4 Bf4 30. Qxf4 1-0

[Event "FRA-chT1"]
[Site "France"]
[Date "2002.02.03"]
[Round "3.9"]
[White "Coutton, Sylvain"]
[Black "Mourgues, Joelle"]
[Result "1-0"]
[WhiteElo "2166"]
[BlackElo "1770"]
[PlyCount "59"]
[EventDate "2002.02.??"]
[EventType "team"]
[EventRounds "11"]
[EventCountry "FRA"]
[SourceTitle "EXT 2003"]
[Source "ChessBase"]
[SourceDate "2002.11.25"]
[SourceVersion "1"]
[SourceVersionDate "2002.11.25"]
[SourceQuality "1"]
[WhiteTeam "Nice"]
[BlackTeam "Toulouse"]
[WhiteTeamCountry "FRA"]
[BlackTeamCountry "FRA"]

1. d4 Nf6 2. c4 e6 3. Nc3 Bb4 4. Bg5 0-0 5. e3 h6 6. Bh4 c5 7. d5 d6 8. Bd3 Bxc3+ 9. bxc3 e5 10. Ne2 Nbd7 11. f4 Re8 12. 0-0 e4 13. Bc2 b6 14. Ba4 Qe7 15. Bc6 Rb8 16. Qa4 a6 17. Bxf6 gxf6 18. Ng3 b5 19. Qd1 f5 20. Nxf5 Qf6 21. Qh5 Kh7 22. Nxd6 Re7 23. Nf5 b4 24. Nxe7 Qxe7 25. Bxd7 Bxd7 26. cxb4 Rxb4 27. Qe5 Qxe5 28. fxe5 Kg7 29. Rab1 Rxb1 30. Rxb1 1-0

[Event "Cannes Martinez op"]
[Site "Cannes"]
[Date "1996.??.??"]
[Round "3"]
[White "Brochet, Philippe"]
[Black "Coutton, Sylvain"]
[Result "0-1"]
[WhiteElo "2275"]
[BlackElo "2155"]
[PlyCount "64"]
[EventDate "1996.08.??"]
[EventType "swiss"]
[EventRounds "9"]
[EventCountry "FRA"]
[SourceTitle "EXT 1998"]
[Source "ChessBase"]
[SourceDate "1997.11.17"]
[SourceVersion "1"]
[SourceVersionDate "1997.11.17"]
[SourceQuality "1"]

1. e4 c5 2. Nf3 Nc6 3. Bb5 e6 4. Nc3 Nge7 5. 0-0 a6 6. Bxc6 Nxc6 7. d4 cxd4 8. Nxd4 d6 9. f4 Be7 10. Be3 0-0 11. Nxc6 bxc6 12. e5 d5 13. Na4 Rb8 14. Nc5 Qa5 15. Nb3 Qc7 16. Qh5 c5 17. Rf3 d4 18. f5 exf5 19. Rh3 h6 20. Bxh6 g6 21. Qe2 Re8 22. Qd2 f4 23. Rf3 Bb7 24. Rxf4 Qxe5 25. Qf2 Bd6 26. Qh4 Qd5 27. Rf2 Re6 28. Nd2 Rbe8 29. Raf1 c4 30. Nf3 d3 31. Ng5 Bc5 32. Nxe6 Qxg2# 0-1

[Event "Cannes Martinez op"]
[Site "Cannes"]
[Date "1996.??.??"]
[Round "2"]
[White "Coutton, Sylvain"]
[Black "De Lagontrie, Jean"]
[Result "1-0"]
[WhiteElo "2155"]
[BlackElo "2065"]
[PlyCount "73"]
[EventDate "1996.08.??"]
[EventType "swiss"]
[EventRounds "9"]
[EventCountry "FRA"]
[SourceTitle "EXT 1998"]
[Source "ChessBase"]
[SourceDate "1997.11.17"]
[SourceVersion "1"]
[SourceVersionDate "1997.11.17"]
[SourceQuality "1"]

1. d4 e6 2. c4 d5 3. Nc3 c5 4. cxd5 exd5 5. Nf3 Nc6 6. g3 Nf6 7. Bg2 Be7 8. 0-0 0-0 9. Be3 c4 10. Ne5 h6 11. Qa4 Bd7 12. Nxd7 Qxd7 13. b3 cxb3 14. Qxb3 Rfd8 15. Rab1 b6 16. Rfc1 Rac8 17. Qa4 Bf8 18. Bd2 Qg4 19. e3 Na5 20. Nb5 Nc4 21. Bb4 Bxb4 22. Qxb4 a5 23. Qe1 Ne4 24. f3 Qg5 25. fxe4 dxe4 26. Bh3 Rc6 27. Qe2 Na3 28. Nxa3 Rxc1+ 29. Rxc1 Kh7 30. Rf1 Rd5 31. Nc4 b5 32. Nb6 Rd6 33. Nd7 Qe7 34. Qh5 g6 35. Qe5 Rxd7 36. Bxd7 Qxd7 37. Rc1 1-0

[Event "Cannes Martinez op"]
[Site "Cannes"]
[Date "1996.??.??"]
[Round "4"]
[White "Coutton, Sylvain"]
[Black "Touzane, Olivier"]
[Result "0-1"]
[WhiteElo "2155"]
[BlackElo "2495"]
[PlyCount "70"]
[EventDate "1996.08.??"]
[EventType "swiss"]
[EventRounds "9"]
[EventCountry "FRA"]
[SourceTitle "EXT 1998"]
[Source "ChessBase"]
[SourceDate "1997.11.17"]
[SourceVersion "1"]
[SourceVersionDate "1997.11.17"]
[SourceQuality "1"]

1. d4 Nf6 2. c4 g6 3. Nc3 Bg7 4. e4 d6 5. Be2 0-0 6. Bg5 c5 7. d5 b5 8. cxb5 a6 9. bxa6 Qa5 10. Bd2 Bxa6 11. Nf3 Nbd7 12. 0-0 Rfb8 13. Qc2 Bxe2 14. Nxe2 Qa4 15. Qxa4 Rxa4 16. b3 Ra6 17. Nc3 Ne8 18. Rfc1 Nc7 19. Kf1 Rb4 20. Re1 h6 21. Rab1 Rb8 22. Na4 Nb5 23. Bc1 g5 24. h3 Nb6 25. Nxb6 Rbxb6 26. Bb2 Rxa2 27. Re2 Bc3 28. Nd2 Bxd2 29. Rxd2 c4 30. Bc1 Rxd2 31. Bxd2 Na3 32. Ra1 cxb3 33. Bc1 Nc4 34. Rb1 b2 35. Be3 Ra6 0-1

[Event "Cannes Martinez op"]
[Site "Cannes"]
[Date "1995.??.??"]
[Round "7"]
[White "Coutton, Sylvain"]
[Black "Daurelle, Herve"]
[Result "1-0"]
[WhiteElo "2000"]
[BlackElo "2230"]
[PlyCount "67"]
[EventDate "1995.07.??"]
[EventType "swiss"]
[EventRounds "9"]
[EventCountry "FRA"]
[SourceTitle "EXT 1998"]
[Source "ChessBase"]
[SourceDate "1997.11.17"]
[SourceVersion "1"]
[SourceVersionDate "1997.11.17"]
[SourceQuality "1"]

1. d4 d5 2. c4 e6 3. Nc3 c5 4. cxd5 cxd4 5. Qa4+ Bd7 6. Qxd4 exd5 7. Qxd5 Nc6 8. Nf3 Nf6 9. Qd1 Bc5 10. e3 Qe7 11. Be2 g5 12. 0-0 0-0-0 13. a3 g4 14. Nd4 h5 15. b4 Bd6 16. Ncb5 Bb8 17. Bb2 Ne4 18. Qc2 Rhg8 19. Nxc6 Bxc6 20. Nd4 Qh4 21. g3 Nxg3 22. fxg3 Bxg3 23. Bd3 Rxd4 24. Bxd4 Bc7 25. Bf6 Qh3 26. Qf2 g3 27. Qf5+ Bd7 28. Qxh3 gxh2+ 29. Kf2 Bxh3 30. Rfc1 Rg2+ 31. Kf3 Rg3+ 32. Ke4 Bg2+ 33. Kd4 h1Q 34. Rxh1 1-0

[Event "Cannes Martinez op"]
[Site "Cannes"]
[Date "1995.??.??"]
[Round "8"]
[White "Coutton, Sylvain"]
[Black "Spielmann, Alain"]
[Result "0-1"]
[WhiteElo "2000"]
[BlackElo "2270"]
[PlyCount "68"]
[EventDate "1995.07.??"]
[EventType "swiss"]
[EventRounds "9"]
[EventCountry "FRA"]
[SourceTitle "EXT 1998"]
[Source "ChessBase"]
[SourceDate "1997.11.17"]
[SourceVersion "1"]
[SourceVersionDate "1997.11.17"]
[SourceQuality "1"]

1. d4 Nf6 2. c4 c5 3. d5 b5 4. cxb5 a6 5. f3 g6 6. e4 d6 7. Na3 Bg7 8. Ne2 0-0 9. Nc3 Nbd7 10. Be3 Nb6 11. Be2 Nfd7 12. 0-0 Ne5 13. Qc2 f5 14. Kh1 f4 15. Bf2 g5 16. bxa6 g4 17. b3 Kh8 18. Nab5 Rxa6 19. a4 Ra8 20. Rab1 Rf6 21. b4 g3 22. hxg3 fxg3 23. Bxg3 Nbc4 24. Nd1 Rg6 25. Bf2 Qd7 26. bxc5 Rxg2 27. Kxg2 Qh3+ 28. Kg1 Ng4 29. fxg4 Be5 30. Re1 Bh2+ 31. Kh1 Bg3+ 32. Kg1 Qh2+ 33. Kf1 Qh1+ 34. Bg1 Qh3# 0-1